Poverty Alleviation (Record no. 588437)

000 -LEADER
fixed length control field 00371nam a22001217a 4500
020 ## - INTERNATIONAL STANDARD BOOK NUMBER
International Standard Book Number 9787509015308
082 ## - DEWEY DECIMAL CLASSIFICATION NUMBER
Classification number 339.46
Author Mark POV 2020
245 ## - TITLE STATEMENT
Title Poverty Alleviation
Remainder of title experience and insights of the communist party of China
260 ## - PUBLICATION, DISTRIBUTION, ETC.
Place of publication, distribution, etc. Beijing
Name of publisher, distributor, etc. The Contemporary World Press
Date of publication, distribution, etc. 2020
300 ## - PHYSICAL DESCRIPTION
Extent 271p
942 ## - ADDED ENTRY ELEMENTS (KOHA)
Source of classification or shelving scheme
Koha item type Book
Holdings
Withdrawn status Lost status Source of classification or shelving scheme Damaged status Not for loan Permanent Location Current Location Shelving location Date acquired Total Checkouts Full call number Barcode Date last seen Price effective from Koha item type
          Centre for International Peace & Stability (CIPS) Centre for International Peace & Stability (CIPS) General Stacks 03/01/2022   339.46 POV 2020 CIPSD0000643 03/01/2022 03/01/2022 Book
© 2023 Central Library, National University of Sciences and Technology. All Rights Reserved.